000 00608nam a2200229Ia 4500
008 180523s9999 xx 000 0 und d
020 _a978-621415-039-7
050 _aFIL P 95
050 _b.B47 2016
100 _aBernardo, Ritchel B.
245 0 _aOral communication /
245 0 _cRitchel B. Bernardo.
260 _aPhilippines :
260 _bJFS Publishing,
260 _c2016
300 _a159 pages :
300 _billustrations ;
300 _c26 cm.
500 _aIncludes bibliographical references.
650 _aOral communication -- Philippines.
650 _xPublic speaking.
999 _c357864
_d357864